Qatar (Record no. 113012)

MARC details
000 -LEADER
fixed length control field 01368cad a22002655a 4500
001 - CONTROL NUMBER
control field L154497
008 - FIXED-LENGTH DATA ELEMENTS--GENERAL INFORMATION
fixed length control field 111215s2011 xxkqr p 0 a0eng u
035 ## - SYSTEM CONTROL NUMBER
System control number (Sirsi) u154497
041 0# - LANGUAGE CODE
Language code of text/sound track or separate title eng
100 1# - MAIN ENTRY--PERSONAL NAME
Personal name Salt, David
110 2# - MAIN ENTRY--CORPORATE NAME
Corporate name or jurisdiction name as entry element Clyde & Co
245 00 - TITLE STATEMENT
Title Qatar
Remainder of title methods of construction delivery
Medium [electronic resource]
260 ## - PUBLICATION, DISTRIBUTION, ETC.
Place of publication, distribution, etc. [S.l.]
Name of publisher, distributor, etc. Clyde and Co
Date of publication, distribution, etc. 2011
520 ## - SUMMARY, ETC.
Summary, etc. The successful World Cup 2022 bid for Qatar will lead to another construction boom; this article looks at some of the advantages and disadvantages of both the common methods of construction delivery in the region and those less commonly used; FIDIC, NEC, partnering, two-stage tendering, guaranteed maximum price, target price, the Build, Operate, Transfer (BOT) and Build, Own, Operate and Transfer (BOOT), framework agreement.
590 ## - LOCAL NOTE (RLIN)
Local note KA NTK
651 #4 - SUBJECT ADDED ENTRY--GEOGRAPHIC NAME
Geographic name Qatar
651 #4 - SUBJECT ADDED ENTRY--GEOGRAPHIC NAME
Geographic name MENEA
690 ## - LOCAL SUBJECT ADDED ENTRY--TOPICAL TERM (OCLC, RLIN)
Topical term or geographic name as entry element BUILT ENVIRONMENT-CONSTRUCTION MANAGEMENT
690 ## - LOCAL SUBJECT ADDED ENTRY--TOPICAL TERM (OCLC, RLIN)
Topical term or geographic name as entry element BUILT ENVIRONMENT-CONSTRUCTION MANAGEMENT-BUILDING CONTRACT ADMINISTRATION
690 ## - LOCAL SUBJECT ADDED ENTRY--TOPICAL TERM (OCLC, RLIN)
Topical term or geographic name as entry element Procurement
9 (RLIN) 6260
690 ## - LOCAL SUBJECT ADDED ENTRY--TOPICAL TERM (OCLC, RLIN)
Topical term or geographic name as entry element BUILT ENVIRONMENT-BUILDING CONTRACT FORMS-STANDARD FORMS OF BUILDING CONTRACT
700 1# - ADDED ENTRY--PERSONAL NAME
Personal name Warren, Laura
856 40 - ELECTRONIC LOCATION AND ACCESS
Uniform Resource Identifier <a href="https://www.mondaq.com/x/153936/Building+Construction/Methods+Of+Construction+Delivery&email_access=on">https://www.mondaq.com/x/153936/Building+Construction/Methods+Of+Construction+Delivery&email_access=on</a>
Public note View the article free of charge at www.mondaq.com
942 ## - ADDED ENTRY ELEMENTS (KOHA)
Suppress in OPAC 0
Holdings
Withdrawn status Lost status Source of classification or shelving scheme Damaged status Not for loan Home library Current library Shelving location Date acquired Total Checkouts Full call number Barcode Date last seen Copy number Price effective from Koha item type
    Dewey Decimal Classification     Virtual Virtual Online 15/12/2011   ONLINE PUBLICATION 154497-2001 06/08/2019 1 06/08/2019 Book